01301nam a2200325 a 4500001001000000003000500010005001700015008004100032010001100073011001100084040000900095090001000104100005000114245013900164260004100303500006000344502008600404590004100490590004000531590004000571650004700611650004400658650004700702856007000749901000700819942001000826942000600836999001900842952011400861000115638CHAP20220329144542.0190617s2019 mx a sm |||||||spa d a112099 a113071 cCHAP aTesis1 aCruz García, José Fernando de la.913613410aRedes alimentarias y sus formas de intercambio para la seguridad alimentaria /h[En línea]cpor José Fernando de la Cruz García. aChapingo, Méx. :bEl autor,c2019. aPara ver el contenido del material haga clic en la liga aTesis (Lic. en Redes Alimentarias) -- UACH. Centro Regional Universitario Oriente aBATCH-UPDb05c20190617lUCH01h1521 aE8697GMMb05c20190617lUCH01h1520 aE8697GMMb05c20190617lUCH01h152514aAlimentosxAbastecimientoxVeracruz.9414614aProductos agrícolasxMercadeo.99195114aSoberanía alimentariazVeracruz.9136135 aFinding aiduhttp://10.13.5.2/tesis/sist115638.pdfzTeclea aquí aBK cTESIS n0 c112099d112099 00102local40718TESISaBCbBCd2019-06-17fTESISl0oTesisp115647-10r2019-12-31 00:00:00w2019-06-17yCD